[Event "DOM-chT"]
[Site "Santiago de los Caballeros"]
[Date "2017.08.19"]
[Round "4.3"]
[White "Marrero Garcia, Lendry Ismael"]
[Black "Marte, Argelis Enmanuel"]
[Result "0-1"]
[WhiteElo "1677"]
[BlackElo "1661"]
[PlyCount "56"]
[EventDate "2017.08.17"]
[EventType "team-swiss"]
[EventRounds "6"]
[EventCountry "DOM"]
[SourceTitle "EXT 2019"]
[Source "ChessBase"]
[SourceDate "2018.10.10"]
[SourceVersion "1"]
[SourceVersionDate "2018.10.10"]
[SourceQuality "1"]
[WhiteTeam "Santiago de los Caballeros II"]
[BlackTeam "Valverde Mao"]
[WhiteTeamCountry "DOM"]
[BlackTeamCountry "DOM"]

1. e4 e5 2. Nf3 d6 3. Bc4 Be7 4. d4 Nd7 5. Nc3 Ngf6 6. 0-0 0-0 7. Bg5 h6 8. Bh4 exd4 9. Nxd4 Ne5 10. Bb3 c5 11. Nde2 c4 12. Ba4 a6 13. Bxf6 Bxf6 14. h3 Rb8 15. Nd4 Ng6 16. Qd2 Bxd4 17. Qxd4 b5 18. Rad1 Qg5 19. Kh1 Nf4 20. Rg1 Qh4 21. Qe3 bxa4 22. Nxa4 Bxh3 23. gxh3 Nxh3 24. Kg2 Qg4+ 25. Kh2 Nxg1 26. Rxg1 Qh4+ 27. Kg2 Rb5 28. Nb6 c3 0-1

[Event "DOM-chT"]
[Site "Santiago de los Caballeros"]
[Date "2017.08.17"]
[Round "1.3"]
[White "Marte, Argelis Enmanuel"]
[Black "Barjan Pinedo, Jose Antonio"]
[Result "1-0"]
[WhiteElo "1661"]
[BlackElo "2107"]
[PlyCount "51"]
[EventDate "2017.08.17"]
[EventType "team-swiss"]
[EventRounds "6"]
[EventCountry "DOM"]
[SourceTitle "EXT 2019"]
[Source "ChessBase"]
[SourceDate "2018.10.10"]
[SourceVersion "1"]
[SourceVersionDate "2018.10.10"]
[SourceQuality "1"]
[WhiteTeam "Valverde Mao"]
[BlackTeam "Distrito Nacional"]
[WhiteTeamCountry "DOM"]
[BlackTeamCountry "DOM"]

1. d4 Nf6 2. Nf3 g6 3. Nbd2 Bg7 4. e4 0-0 5. Bd3 d6 6. 0-0 Nbd7 7. Re1 e5 8. c3 h6 9. Nc4 exd4 10. cxd4 Nb6 11. h3 Nxc4 12. Bxc4 Nxe4 13. Bxf7+ Rxf7 14. Rxe4 Bf5 15. Re3 Qd7 16. Bd2 Raf8 17. Bc3 Bxh3 18. gxh3 Qxh3 19. Ng5 Qf5 20. Nxf7 Rxf7 21. Qe2 d5 22. Re1 Bf6 23. Rf3 Qh5 24. Rg3 Qf5 25. Qf3 Qc2 26. Qd3 1-0